Stationary Ark (Record no. 369492)

MARC details
000 -LEADER
fixed length control field 00420nam a2200181Ia 4500
003 - CONTROL NUMBER IDENTIFIER
control field OSt
005 - DATE AND TIME OF LATEST TRANSACTION
control field 20260105151216.0
008 - FIXED-LENGTH DATA ELEMENTS--GENERAL INFORMATION
fixed length control field 251219s9999 xx 000 0 und d
041 ## - LANGUAGE CODE
Language code of text/sound track or separate title eng
082 ## - DEWEY DECIMAL CLASSIFICATION NUMBER
Classification number 823
Item number DUR
100 ## - MAIN ENTRY--PERSONAL NAME
Personal name Durrell G
9 (RLIN) 215962
245 ## - TITLE STATEMENT
Title Stationary Ark
260 ## - PUBLICATION, DISTRIBUTION, ETC. (IMPRINT)
Name of publisher, distributor, etc. Westland/India
Date of publication, distribution, etc. 2006
300 ## - PHYSICAL DESCRIPTION
Extent 191
Other physical details Paper Back
500 ## - GENERAL NOTE
Keywords Literature
500 ## - GENERAL NOTE
Keywords English Literature
942 ## - ADDED ENTRY ELEMENTS (KOHA)
Source of classification or shelving scheme Dewey Decimal Classification
Koha item type Donated Book
Holdings
Withdrawn status Lost status Source of classification or shelving scheme Damaged status Not for loan Home library Current library Date acquired Cost, normal purchase price Total Checkouts Full call number Barcode Date last seen Cost, replacement price Bill Date Koha item type Original Barcode
    Dewey Decimal Classification     Smt. Hiraben Nanavati Institute of Management & Research for Women Smt. Hiraben Nanavati Institute of Management & Research for Women 11/12/2025 200.00   823 DUR DB3238 HIMR-DB-3238 23/12/2025 200.00 23/12/2025 Donated Book DB3238